Текст томруулах:    
Mass media in a changing world : (Бичлэгийн дугаар. 145287)
000 -УДИРДЛАГА
Удирдлага 00702nam a22002417a 4500
003 - ХЯНАЛТЫН ТОО ТОДОРХОЙЛОГЧ
Код MN-UlNUM
005 - БИЧИЛТ ХИЙСЭН ОГНОО
Тухайн бичилтийг бичсэн засварласан сүүлийн огноо 20251104153506.0
008 - ЕРӨНХИЙ МЭДЭЭЛЭЛ
Ерөнхий мэдээлэл 251104s2006 nyuab||| |||| 001 0 eng d
020 ## - ISBN
ISBN 0072957115
040 ## - БИЧЛЭГ ҮҮСГЭГЧ БАЙГУУЛЛАГА
Бичлэг үүсгэгч номын сангийн код МУИС-ийн номын сан
084 00 - ББК АНГИЛАЛ
Нэмэлт тусгалт Бусад
ББК ангилал 76.0
Зохиогчийн гурван тэмдэгт R 69
Мэдлэгийн ялгаа 76 - Нийтийн мэдээллийн хэрэгсэл
100 1# - ЗОХИОГЧ
Зохиогчийн нэр Rodman, George R.,
Зохиогчийн огноо 1948-
245 10 - ҮНДСЭН ГАРЧИГ
Номын нэр Mass media in a changing world :
Бага гарчгийн мэдээ history, industry, controversy
Оролцогчдын тухай мэдээ George Rodman.
250 ## - ДАХИН ХЭВЛЭЛТ
Дахин гаралтын дугаар 1st ed.
260 ## - ГАРАЛТЫН МЭДЭЭ
Хэвлэгдсэн газар New York :
Хэвлэлийн газар McGraw-Hill,
Хэвлэгдсэн он 2006
300 ## - МАТЕРИАЛЫН ТОДОРХОЙЛОЛТ
хуудасны тоо xxviii, 593 p. :
Бусад тоон мэдээлэл ill. (some col.) ;
Хэмжээ 28 cm.
500 ## - Тайлбар
Дансны дугаар БС 1904
546 ## - ХЭЛНИЙ ТУХАЙ МЭДЭЭ
Хэл Англи хэл дээр,
653 ## - Түлхүүр үг
Түлхүүр үг Mass media.
942 ## - ЭЛЕМЕНТИЙН ТӨРӨЛ
Зүйлийн төрөл Ном